[Event "chess.com SpeedChess Q2Sw"]
[Site "chess.com INT"]
[Date "2022.11.12"]
[Round "8"]
[White "Sanchez, Robert"]
[Black "Gheorghiu, Calin"]
[Result "1-0"]
[BlackTitle "FM"]
[WhiteElo "1971"]
[BlackElo "2300"]
[WhiteFideId "2034360"]
[BlackFideId "1200305"]
[EventDate "2022.11.12"]

1. e4 e5 2. Nf3 Nc6 3. Bb5 a6 4. Ba4 Nf6 5. d3 d6 6. c3 Be7 7. O-O O-O 8. h3 b5
9. Bc2 d5 10. Qe2 Re8 11. Rd1 Bf8 12. Nbd2 Nb8 13. a4 Bb7 14. axb5 axb5 15. Rxa8
Bxa8 16. Nf1 c5 17. Ng3 g6 18. Bg5 h6 19. Bd2 Nbd7 20. Nh2 Bg7 21. exd5 Nxd5 22.
Ne4 Nf4 23. Bxf4 exf4 24. Qd2 Qc7 25. Qc1 c4 26. Re1 Ne5 27. d4 Nd3 28. Bxd3
cxd3 29. Nf6+ Bxf6 30. Rxe8+ Kg7 31. Rxa8 Qe7 32. Qd2 Qe2 33. Qxe2 dxe2 1-0

[Event "chess.com SpeedChess Q2Sw"]
[Site "chess.com INT"]
[Date "2022.11.12"]
[Round "8"]
[White "Vifleemskaia, Svetlana"]
[Black "Taboas Rodriguez, Daniel"]
[Result "0-1"]
[WhiteTitle "WFM"]
[BlackTitle "FM"]
[WhiteElo "1947"]
[BlackElo "2359"]
[WhiteFideId "4129490"]
[BlackFideId "2208466"]
[EventDate "2022.11.12"]

1. d4 Nf6 2. c4 g6 3. Nc3 Bg7 4. e4 d6 5. Nge2 O-O 6. Ng3 c5 7. d5 e6 8. Be2
exd5 9. cxd5 a6 10. a4 h5 11. Bg5 Qb6 12. Qd2 Ng4 13. O-O f6 14. Bxg4 Bxg4 15.
Bh6 h4 16. Bxg7 Kxg7 17. Nge2 h3 18. f3 hxg2 19. Kxg2 Bc8 20. h4 Nd7 21. f4 Rh8
22. Rh1 c4 23. Ng3 Nc5 24. Qd4 Qxb2+ 25. Kf3 Nb3 26. Qe3 Nxa1 27. e5 fxe5 28.
fxe5 Rf8+ 29. Ke4 Nc2 30. Qd2 Bf5+ 0-1

[Event "chess.com SpeedChess Q2Sw"]
[Site "chess.com INT"]
[Date "2022.11.12"]
[Round "8"]
[White "Freile Martin, Javier"]
[Black "Larina, Maria"]
[Result "1/2-1/2"]
[WhiteTitle "FM"]
[BlackTitle "WFM"]
[WhiteElo "2329"]
[BlackElo "1948"]
[WhiteFideId "3600165"]
[BlackFideId "24113182"]
[EventDate "2022.11.12"]

1. c4 f5 2. Nc3 Nf6 3. Nf3 g6 4. g3 Bg7 5. Bg2 O-O 6. O-O d6 7. d4 Nc6 8. d5 Na5
9. Nd2 c5 10. Rb1 e5 11. dxe6 Bxe6 12. b3 d5 13. cxd5 Nxd5 14. Nxd5 Bxd5 15. Bb2
Bxb2 16. Rxb2 Bxg2 17. Kxg2 Qd4 18. Rc2 Rad8 19. Qc1 b6 20. Nf3 Qe4 21. Kg1 Nc6
22. Ng5 Qe7 23. Nf3 Nd4 24. Nxd4 Rxd4 25. e3 Rd3 26. Rd1 Rfd8 27. Rcd2 Qe4 28.
Rxd3 Rxd3 29. Rxd3 Qxd3 30. Qb2 Qd1+ 31. Kg2 Qd5+ 32. Kh3 b5 33. Qf6 c4 34. bxc4
bxc4 35. Qe7 a5 36. Qe8+ Kg7 37. Qe7+ Kg8 38. Qe8+ Kg7 39. Qe7+ Kg8 1/2-1/2

[Event "chess.com SpeedChess Q2Sw"]
[Site "chess.com INT"]
[Date "2022.11.12"]
[Round "8"]
[White "Hakobyan, Aram"]
[Black "Pranav, V"]
[Result "1-0"]
[WhiteTitle "GM"]
[BlackTitle "IM"]
[WhiteElo "2613"]
[BlackElo "2548"]
[WhiteFideId "13306677"]
[BlackFideId "25060783"]
[EventDate "2022.11.12"]

1. d4 Nf6 2. c4 e6 3. Nc3 Bb4 4. e3 O-O 5. Bd3 d5 6. a3 Bxc3+ 7. bxc3 dxc4 8.
Bxc4 c5 9. Ne2 Qc7 10. Ba2 b6 11. O-O Ba6 12. Bb2 Nc6 13. Rc1 Rfd8 14. c4 Rac8
15. d5 Qe7 16. Ng3 exd5 17. cxd5 Bxf1 18. Kxf1 g6 19. Qd2 Ne5 20. e4 Ne8 21. Qc3
Qh4 22. Qxe5 f6 23. Qe7 Nd6 24. Bxf6 Qh6 25. Bg5 Qxh2 26. Qe6+ Nf7 27. d6 Rf8
28. d7 Ra8 29. d8=Q Raxd8 30. Bxd8 Qh6 31. Rd1 Qf4 32. Be7 Re8 33. Qf6 1-0

[Event "chess.com SpeedChess Q2Sw"]
[Site "chess.com INT"]
[Date "2022.11.12"]
[Round "8"]
[White "Bluebaum, Matthias"]
[Black "Harshavardhan, G B"]
[Result "1-0"]
[WhiteTitle "GM"]
[BlackTitle "IM"]
[WhiteElo "2651"]
[BlackElo "2426"]
[WhiteFideId "24651516"]
[BlackFideId "25059009"]
[EventDate "2022.11.12"]

1. d4 d5 2. c4 e6 3. Nc3 Nf6 4. cxd5 Nxd5 5. e4 Nxc3 6. bxc3 c5 7. Rb1 cxd4 8.
cxd4 Nc6 9. Bb5 Bd7 10. Nf3 Bb4+ 11. Bd2 Bxd2+ 12. Qxd2 O-O 13. O-O a6 14. Bd3
b5 15. d5 exd5 16. exd5 Ne7 17. d6 Ng6 18. Bxg6 hxg6 19. Ne5 Be6 20. Rbc1 Qf6
21. Nc6 Bd7 22. Ne7+ Kh7 23. Rc3 Rad8 24. Rf3 Qh4 25. Qd3 Be6 26. Re1 Bd7 27.
Rxf7 Rxf7 28. Qxg6+ Kh8 29. Qxf7 Qc4 30. Qh5# 1-0

[Event "chess.com SpeedChess Q2Sw"]
[Site "chess.com INT"]
[Date "2022.11.12"]
[Round "8"]
[White "Fridman, Daniel"]
[Black "Yanchenko, Roman"]
[Result "0-1"]
[WhiteTitle "GM"]
[BlackTitle "FM"]
[WhiteElo "2602"]
[BlackElo "2467"]
[WhiteFideId "11600454"]
[BlackFideId "4137329"]
[EventDate "2022.11.12"]

1. d4 d5 2. Nf3 c6 3. c4 Nf6 4. Nc3 a6 5. c5 Bf5 6. Qb3 Qc8 7. h3 Nbd7 8. Bf4 h6
9. e3 g5 10. Bg3 Bg7 11. Qd1 Ne4 12. Nxe4 Bxe4 13. h4 g4 14. Nd2 Bf5 15. h5 e5
16. Nb3 exd4 17. exd4 O-O 18. Be2 Nf6 19. Be5 Re8 20. Rc1 Ne4 21. Bxg7 Kxg7 22.
O-O Nf6 23. Rc3 Nxh5 24. g3 Nf6 25. Nd2 Qe6 26. Re3 Qd7 27. Kg2 Rxe3 28. fxe3
Re8 29. Qb3 Ne4 30. Nxe4 Bxe4+ 31. Kg1 f5 32. Kf2 h5 33. Rh1 Bxh1 0-1

[Event "chess.com SpeedChess Q2Sw"]
[Site "chess.com INT"]
[Date "2022.11.12"]
[Round "8"]
[White "Daggupati, Balaji"]
[Black "Sadovsky, Artem"]
[Result "0-1"]
[WhiteTitle "GM"]
[BlackTitle "IM"]
[WhiteElo "2507"]
[BlackElo "2276"]
[WhiteFideId "2090759"]
[BlackFideId "4155840"]
[EventDate "2022.11.12"]

1. e4 g6 2. d4 Bg7 3. Nc3 c6 4. Bc4 d5 5. exd5 b5 6. Bb3 b4 7. Na4 cxd5 8. a3
bxa3 9. Rxa3 Nf6 10. Nf3 O-O 11. O-O Nc6 12. c3 a5 13. Nc5 Bg4 14. h3 Bxf3 15.
Qxf3 e6 16. Bg5 Ra7 17. Ba4 Rc7 18. Rb3 h6 19. Bh4 g5 20. Bg3 Rc8 21. Nb7 Qd7
22. Nxa5 Nxd4 23. cxd4 Qxa4 24. Be5 Ne4 25. Nb7 Nd2 26. Qe2 Qxb3 27. Nd6 Nxf1
28. Bxg7 Rc1 29. Qe5 Ng3+ 30. Kh2 Rh1# 0-1

[Event "chess.com SpeedChess Q2Sw"]
[Site "chess.com INT"]
[Date "2022.11.12"]
[Round "8"]
[White "Veiga, Jose Francisco R P Neves"]
[Black "Mouhamad, Joachim"]
[Result "1-0"]
[WhiteTitle "IM"]
[BlackTitle "FM"]
[WhiteElo "2393"]
[BlackElo "2266"]
[WhiteFideId "1930087"]
[BlackFideId "656410"]
[EventDate "2022.11.12"]

1. e4 c5 2. Nf3 Nc6 3. Bb5 g6 4. O-O Bg7 5. Nc3 Nd4 6. Re1 a6 7. Bf1 Nc6 8. e5
d6 9. exd6 Qxd6 10. d3 b6 11. g3 Bg4 12. h3 Bd7 13. Bf4 e5 14. Bg2 f6 15. Nd2
Nge7 16. Nc4 Qc7 17. Bd2 Rb8 18. f4 b5 19. Ne3 exf4 20. Ned5 Qd8 21. Bxf4 Rc8
22. Bd6 Bf8 23. Nxf6+ Kf7 24. Nfe4 Bh6 25. Nxc5 Qb6 26. Qf3+ Kg7 27. Kh2 Rhf8
28. Nxd7 Rxf3 29. Nxb6 1-0

[Event "chess.com SpeedChess Q2Sw"]
[Site "chess.com INT"]
[Date "2022.11.12"]
[Round "8"]
[White "Dauner, Benedikt"]
[Black "Kopylov, Alexander A."]
[Result "0-1"]
[WhiteTitle "FM"]
[BlackTitle "IM"]
[WhiteElo "2336"]
[BlackElo "2397"]
[WhiteFideId "16225899"]
[BlackFideId "4164857"]
[EventDate "2022.11.12"]

1. e4 c6 2. Nc3 g6 3. Nf3 Bg7 4. d4 d5 5. h3 dxe4 6. Nxe4 Nf6 7. Bd3 O-O 8. O-O
Nbd7 9. c3 Nxe4 10. Bxe4 c5 11. Be3 Nf6 12. Bc2 Nd5 13. Bg5 h6 14. Bc1 cxd4 15.
Nxd4 e5 16. Nf3 Be6 17. Re1 Qc7 18. Qe2 Nf4 19. Bxf4 exf4 20. Bb3 Bxb3 21. axb3
a5 22. Qb5 Qc6 23. Qxc6 bxc6 24. Re4 g5 25. Rea4 Rab8 26. Nd2 Rfd8 27. Nc4 Rxb3
28. Rxa5 Rb5 29. Ra7 Rc5 30. Nb6 Rd2 31. Na4 Re5 32. Rc7 Re6 33. Rb1 Bf8 34. Rc8
Kg7 35. b4 Be7 36. Nc5 Bxc5 37. bxc5 Rd5 38. Rb6 Rxc5 39. Rb7 Rxc3 40. Rcc7 Rf6
41. f3 Rc2 42. Kh2 h5 43. Rd7 g4 44. hxg4 hxg4 45. Rbc7 gxf3 46. Kh3 fxg2 47.
Kh2 Rh6+ 48. Kg1 Rh1# 0-1

[Event "chess.com SpeedChess Q2Sw"]
[Site "chess.com INT"]
[Date "2022.11.12"]
[Round "8"]
[White "Matinian, Nikita"]
[Black "Urazayev, Arystanbek"]
[Result "0-1"]
[WhiteTitle "GM"]
[BlackTitle "IM"]
[WhiteElo "2425"]
[BlackElo "2458"]
[WhiteFideId "24129100"]
[BlackFideId "13709810"]
[EventDate "2022.11.12"]

1. e4 c5 2. Nf3 d6 3. d4 cxd4 4. Nxd4 Nf6 5. Nc3 a6 6. Be2 e5 7. Nb3 Be6 8. f4
Nbd7 9. f5 Bxb3 10. axb3 d5 11. exd5 Bc5 12. Qd3 O-O 13. Be3 e4 14. Qd2 Bxe3 15.
Qxe3 Nb6 16. O-O-O Rc8 17. d6 Rc6 18. Nxe4 Nxe4 19. Qxe4 Rxd6 20. Rxd6 Qxd6 21.
Qxb7 Nd5 22. Bc4 Nb4 23. Kb1 Qc5 24. Rf1 Qa5 25. Kc1 Rd8 26. Qxf7+ Kh8 27. Bd3
Nxd3+ 28. cxd3 Qa1+ 29. Kc2 Qxf1 0-1

[Event "chess.com SpeedChess Q2Sw"]
[Site "chess.com INT"]
[Date "2022.11.12"]
[Round "8"]
[White "Baskakov, Egor"]
[Black "Koc, Przemyslaw"]
[Result "1/2-1/2"]
[WhiteTitle "CM"]
[WhiteElo "2215"]
[BlackElo "2346"]
[WhiteFideId "24197866"]
[BlackFideId "1109081"]
[EventDate "2022.11.12"]

1. e4 e5 2. Nc3 Nf6 3. g3 d5 4. exd5 Nxd5 5. Bg2 Nxc3 6. bxc3 Bd6 7. d3 O-O 8.
Ne2 c6 9. O-O Nd7 10. h3 Nb6 11. c4 f5 12. f4 Nd7 13. fxe5 Bxe5 14. d4 Bd6 15.
Bf4 Nf6 16. Qd3 Ne4 17. Bxd6 Qxd6 18. Bxe4 fxe4 19. Rxf8+ Qxf8 20. Qxe4 Bxh3 21.
Nf4 Re8 22. Qd3 Bf5 23. Qb3 Qf6 24. Rd1 g5 25. Ng2 Re2 26. Qf3 Qe6 27. Rf1 Rxg2+
28. Qxg2 Bh3 29. Qf3 Bxf1 30. Qxf1 Qe3+ 31. Qf2 Qxf2+ 32. Kxf2 h5 33. Kf3 Kf7
34. Ke4 Ke6 35. a4 a5 36. c5 h4 37. gxh4 gxh4 38. c4 h3 39. d5+ cxd5+ 40. cxd5+
Kf6 41. Kf3 Ke5 42. d6 Ke6 43. Kg3 b6 44. cxb6 Kxd6 45. Kxh3 Kc6 46. b7 Kxb7 47.
Kg3 Kc6 48. Kf3 Kc5 49. Ke3 Kb4 50. Kd3 Kxa4 51. Kc2 Ka3 52. Kb1 Kb3 53. Ka1 a4
54. Kb1 a3 55. Ka1 a2 1/2-1/2

[Event "chess.com SpeedChess Q2Sw"]
[Site "chess.com INT"]
[Date "2022.11.12"]
[Round "8"]
[White "Aradhya, Garg"]
[Black "Eynullayev, Atilla"]
[Result "1-0"]
[WhiteTitle "FM"]
[BlackTitle "FM"]
[WhiteElo "2289"]
[BlackElo "2281"]
[WhiteFideId "25006746"]
[BlackFideId "13413570"]
[EventDate "2022.11.12"]

1. d4 Nf6 2. Nf3 d5 3. c3 Bf5 4. Qb3 Qc8 5. c4 e6 6. Nc3 c6 7. Bf4 Nbd7 8. e3
Be7 9. Rc1 O-O 10. cxd5 exd5 11. Nb5 Qd8 12. Bc7 Qc8 13. Bd6 Qd8 14. Qa3 Re8 15.
Bxe7 Qxe7 16. Nc7 Qxa3 17. bxa3 Nb6 18. Be2 Nfd7 19. Nxa8 Rxa8 20. O-O f6 21.
Nd2 Na4 22. Bd1 Ndb6 23. Bc2 Be6 24. h4 h6 25. f3 Kf8 26. Kf2 Ke7 27. Bb3 Nb2
28. Rc2 N2c4 29. a4 Na3 30. Rcc1 Nbc4 31. Rfd1 b5 32. e4 a5 33. exd5 Bxd5 34.
Ne4 Kf8 35. Nc3 Bf7 36. axb5 cxb5 37. Nxb5 Nb2 38. Nxa3 Nxd1+ 39. Rxd1 1-0

[Event "chess.com SpeedChess Q2Sw"]
[Site "chess.com INT"]
[Date "2022.11.12"]
[Round "8"]
[White "Singh, Arvinder Preet"]
[Black "Prohorov, Olexandr"]
[Result "1-0"]
[WhiteTitle "FM"]
[WhiteElo "2148"]
[BlackElo "2086"]
[WhiteFideId "5013240"]
[BlackFideId "14105578"]
[EventDate "2022.11.12"]

1. e4 g6 2. d4 Bg7 3. Nc3 d6 4. f4 c5 5. Nf3 cxd4 6. Nxd4 Nf6 7. Be2 O-O 8. Be3
Nc6 9. O-O Qa5 10. Nb3 Qc7 11. Qd2 a6 12. Nd5 Nxd5 13. exd5 Nb8 14. Bd4 Nd7 15.
Bxg7 Kxg7 16. c3 Nf6 17. Rae1 h5 18. h3 b5 19. Nd4 Nxd5 20. Bf3 Bb7 21. f5 Qc5
22. Kh1 Bc8 23. fxg6 fxg6 24. Bxd5 Qxd5 25. Rxe7+ Kg8 26. Rxf8+ Kxf8 27. Rc7 Bf5
28. Qh6+ Ke8 29. Qh8+ 1-0

[Event "chess.com SpeedChess Q2Sw"]
[Site "chess.com INT"]
[Date "2022.11.12"]
[Round "8"]
[White "Odegov, Artem"]
[Black "Pakleza, Zbigniew"]
[Result "0-1"]
[WhiteTitle "FM"]
[BlackTitle "GM"]
[WhiteElo "2286"]
[BlackElo "2496"]
[WhiteFideId "34183644"]
[BlackFideId "1119290"]
[EventDate "2022.11.12"]

1. d4 d6 2. Nf3 Bg4 3. c4 c6 4. Nc3 Nd7 5. e4 e5 6. Be3 Ngf6 7. Be2 Be7 8. Ng1
Bxe2 9. Ngxe2 O-O 10. O-O Re8 11. f3 a6 12. Qd2 Qb8 13. Rfd1 g6 14. b4 Bf8 15.
Rac1 b5 16. d5 Nb6 17. Bxb6 Qxb6+ 18. Kh1 bxc4 19. dxc6 Qxc6 20. Nd5 Nxd5 21.
Qxd5 Qa4 22. Qxc4 Rec8 23. Qb3 Qxb3 24. axb3 Rcb8 25. Rc4 a5 26. bxa5 Rxa5 27.
b4 Ra2 28. Nc3 Rc2 29. Rb1 Bh6 0-1

[Event "chess.com SpeedChess Q2Sw"]
[Site "chess.com INT"]
[Date "2022.11.12"]
[Round "8"]
[White "Begunov, Konstantin"]
[Black "Kleiman, Jake"]
[Result "0-1"]
[WhiteTitle "FM"]
[BlackTitle "IM"]
[WhiteElo "2325"]
[BlackElo "2399"]
[WhiteFideId "4118510"]
[BlackFideId "2020041"]
[EventDate "2022.11.12"]

1. d4 Nf6 2. c4 e6 3. Nf3 Bb4+ 4. Nbd2 O-O 5. a3 Be7 6. e4 d5 7. cxd5 exd5 8. e5
Nfd7 9. Bd3 c5 10. O-O Nc6 11. Re1 a5 12. dxc5 Nxc5 13. Bb1 Bg4 14. Qc2 g6 15.
b3 Rc8 16. Bb2 Ne6 17. Qd3 Bf5 18. Qe2 Bxb1 19. Raxb1 Qb6 20. g3 Rc7 21. Qd3 Rd8
22. Rbc1 Bf8 23. Kg2 Bg7 24. h4 h5 25. Ng5 Nxg5 26. hxg5 Nxe5 27. Bxe5 Rxc1 28.
Rxc1 Bxe5 29. Nf3 Bb2 30. Re1 Bxa3 31. Nd4 Bc5 32. Nb5 Bxf2 33. Re7 Bc5 34. Rc7
Bd6 35. Rc2 Be5 36. Rf2 d4 37. Qc4 Qc6+ 0-1

[Event "chess.com SpeedChess Q2Sw"]
[Site "chess.com INT"]
[Date "2022.11.12"]
[Round "8"]
[White "Salem, A.R. Saleh"]
[Black "Yu, Yangyi"]
[Result "1-0"]
[WhiteTitle "GM"]
[BlackTitle "GM"]
[WhiteElo "2677"]
[BlackElo "2716"]
[WhiteFideId "9301348"]
[BlackFideId "8603820"]
[EventDate "2022.11.12"]

1. d4 Nf6 2. c4 e6 3. Nc3 Bb4 4. a3 Bxc3+ 5. bxc3 c5 6. f3 d6 7. e4 e5 8. Be3
Qa5 9. Bd2 Nc6 10. Bd3 Qc7 11. Ne2 O-O 12. Be3 b6 13. O-O Ba6 14. d5 Na5 15. Ng3
Bxc4 16. Bg5 Ne8 17. Bxc4 Nxc4 18. Qe2 f6 19. Bc1 Na5 20. Be3 Qd7 21. a4 g5 22.
h4 h6 23. Nf5 Kh7 24. hxg5 hxg5 25. Kf2 Rh8 26. Rh1+ Kg8 27. Rxh8+ Kxh8 28. Rh1+
Kg8 29. f4 Ng7 30. Nh6+ Kf8 31. fxg5 fxg5 32. Qf3+ Ke8 33. Bxg5 Rc8 34. Ng4 1-0

[Event "chess.com SpeedChess Q2Sw"]
[Site "chess.com INT"]
[Date "2022.11.12"]
[Round "8"]
[White "Eljanov, Pavel"]
[Black "Dehtiarov, Roman"]
[Result "1-0"]
[WhiteTitle "GM"]
[BlackTitle "FM"]
[WhiteElo "2706"]
[BlackElo "2300"]
[WhiteFideId "14102951"]
[BlackFideId "14186640"]
[EventDate "2022.11.12"]

1. c4 e5 2. d3 Nc6 3. g3 f5 4. Bg2 Nf6 5. Nf3 Bc5 6. a3 a5 7. O-O d6 8. e3 O-O
9. Nc3 Ba7 10. b4 axb4 11. axb4 Nxb4 12. Nb5 Na6 13. d4 e4 14. Nd2 Bb8 15. d5 c6
16. Nd4 c5 17. Nb5 Nc7 18. Rxa8 Nxa8 19. f3 exf3 20. Nxf3 Nc7 21. Nc3 Qe7 22.
Nh4 g6 23. Qc2 Re8 24. e4 Nxe4 25. Nxe4 fxe4 26. Bb2 b5 27. Rf4 b4 28. Ba1 Ba6
29. Rxe4 Qf7 30. Qb2 Re5 31. Rxe5 dxe5 32. Qxe5 Kf8 33. Qh8+ Ke7 34. Qxb8 Kd7
35. Bh3+ Kd6 36. Qd8+ 1-0

[Event "chess.com SpeedChess Q2Sw"]
[Site "chess.com INT"]
[Date "2022.11.12"]
[Round "8"]
[White "Costachi, Mihnea"]
[Black "Molenda, Marcin"]
[Result "0-1"]
[WhiteTitle "IM"]
[BlackTitle "FM"]
[WhiteElo "2476"]
[BlackElo "2381"]
[WhiteFideId "1217518"]
[BlackFideId "1173065"]
[EventDate "2022.11.12"]

1. Nc3 d5 2. d4 Nf6 3. Bf4 a6 4. e3 Bf5 5. f3 e6 6. g4 Bg6 7. h4 h6 8. h5 Bh7 9.
Bd3 Bxd3 10. Qxd3 c5 11. Nge2 Nc6 12. a3 Be7 13. dxc5 Bxc5 14. O-O-O b5 15. e4
d4 16. e5 Nd5 17. Ne4 Be7 18. Bg3 b4 19. Nxd4 Nxd4 20. Qxd4 bxa3 21. Nd6+ Bxd6
22. exd6 a2 23. Qa4+ Qd7 24. Qxa2 O-O 25. Rxd5 exd5 26. Qxd5 Rfe8 27. Kb1 Rab8
28. g5 Rb5 29. Qc4 Rxg5 30. Qc7 Rd8 31. Bh4 Rxh5 32. Qc4 Qxd6 33. Re1 Rd7 34.
Re8+ Kh7 35. Qe4+ Qg6 36. Qa8 Rd1+ 37. Ka2 Ra5+ 38. Kb3 Qb6+ 39. Kc3 Rc5# 0-1

[Event "chess.com SpeedChess Q2Sw"]
[Site "chess.com INT"]
[Date "2022.11.12"]
[Round "8"]
[White "Goltsev, Dmitry"]
[Black "Han, Yichen"]
[Result "1-0"]
[WhiteTitle "FM"]
[BlackTitle "FM"]
[WhiteElo "2232"]
[BlackElo "2423"]
[WhiteFideId "24176710"]
[BlackFideId "1054430"]
[EventDate "2022.11.12"]

1. e4 c5 2. Nf3 Nc6 3. d4 cxd4 4. Nxd4 Nf6 5. Nc3 e5 6. Nf5 d5 7. exd5 Bxf5 8.
dxc6 bxc6 9. Bd3 Bxd3 10. Qxd3 Qxd3 11. cxd3 O-O-O 12. Ke2 Bb4 13. Be3 Kb7 14.
Rac1 Nd5 15. Ne4 Nxe3 16. fxe3 Rd5 17. Rc4 Be7 18. Rhc1 Rc8 19. a3 a5 20. R1c3
Rb5 21. Rc2 f6 22. Nc3 Rb3 23. d4 exd4 24. exd4 Bd6 25. g3 c5 26. Ne4 Re8 27.
dxc5 Bxc5 28. Rxc5 Rxe4+ 29. Kf2 Re5 30. Rc7+ Kb6 31. Rxg7 h5 32. Rg6 Rf5+ 33.
Kg2 Kb5 34. Rg8 Ka6 35. Kh3 Rfb5 36. Rg6 Rf5 37. Rh6 Rd3 38. Rc6+ Kb5 39. Rcxf6
Rxf6 40. Rxf6 Rd2 41. Rf5+ Ka4 42. b3+ Kxa3 43. Rxa5+ Kxb3 44. Rxh5 Kc4 45. Rf5
Kd4 46. g4 Ke4 47. Rf8 Rd3+ 48. Kh4 Rd7 49. h3 Ke5 50. Kg3 Ke6 51. h4 Rd3+ 52.
Rf3 Rd1 53. h5 Rg1+ 54. Kh4 Rh1+ 55. Kg5 Ra1 56. h6 Rg1 57. h7 Rh1 58. Kg6 Rh3
59. Rxh3 1-0

[Event "chess.com SpeedChess Q2Sw"]
[Site "chess.com INT"]
[Date "2022.11.12"]
[Round "8"]
[White "Vokhidov, Shamsiddin"]
[Black "Theodorou, Nikolas"]
[Result "0-1"]
[WhiteTitle "GM"]
[BlackTitle "GM"]
[WhiteElo "2568"]
[BlackElo "2598"]
[WhiteFideId "14204223"]
[BlackFideId "4262875"]
[EventDate "2022.11.12"]

1. e4 c5 2. Nf3 Nc6 3. Bb5 e6 4. O-O Nge7 5. Re1 a6 6. Bf1 d5 7. d3 d4 8. e5 Ng6
9. g3 b5 10. h4 h6 11. h5 Nge7 12. Bg2 Bb7 13. Nbd2 Qc7 14. a4 Nd5 15. axb5 axb5
16. Rxa8+ Bxa8 17. Nf1 Qb6 18. N1h2 c4 19. Bf1 c3 20. bxc3 Nxc3 21. Qd2 Bb4 22.
Qf4 Nd5 23. Qg4 Nce7 24. Re4 Nf5 25. Nxd4 Bc5 26. Nhf3 Nde7 27. Rf4 Bxf3 28.
Nxf3 Bxf2+ 29. Kg2 Bxg3 30. Rd4 Nxd4 31. Nxd4 Bxe5 32. Be3 O-O 33. c3 b4 34.
cxb4 Qxb4 35. Kh3 Bxd4 36. Bxd4 Nf5 37. Bf2 Qd2 38. Qf3 Rd8 39. Kg2 Nh4+ 0-1

[Event "chess.com SpeedChess Q2Sw"]
[Site "chess.com INT"]
[Date "2022.11.12"]
[Round "8"]
[White "Parkhov, Yair"]
[Black "Shipov, Sergei"]
[Result "1-0"]
[WhiteTitle "IM"]
[BlackTitle "GM"]
[WhiteElo "2470"]
[BlackElo "2541"]
[WhiteFideId "2813408"]
[BlackFideId "4113624"]
[EventDate "2022.11.12"]

1. d4 d5 2. c4 dxc4 3. Nf3 a6 4. e3 e6 5. Bxc4 c5 6. O-O Nf6 7. e4 b5 8. Be2
Nxe4 9. a4 b4 10. Nbd2 Nxd2 11. Bxd2 Bb7 12. Rc1 Nd7 13. Bg5 Qb6 14. Nd2 cxd4
15. Nc4 Qa7 16. a5 f6 17. Qa4 fxg5 18. Nb6 Rd8 19. Rc7 Bd6 20. Rxd7 O-O 21. Bf3
Bxh2+ 22. Kxh2 Qb8+ 23. Kg1 Bxf3 24. gxf3 Rxf3 25. Rxd8+ Qxd8 26. Qc6 g4 27.
Qxe6+ Kh8 28. Rc1 Rc3 29. bxc3 bxc3 30. Qd5 1-0

[Event "chess.com SpeedChess Q2Sw"]
[Site "chess.com INT"]
[Date "2022.11.12"]
[Round "8"]
[White "Salman, Pavel"]
[Black "Azarov, Sergei"]
[Result "1-0"]
[WhiteTitle "FM"]
[BlackTitle "GM"]
[WhiteElo "2287"]
[BlackElo "2562"]
[WhiteFideId "24153753"]
[BlackFideId "13501470"]
[EventDate "2022.11.12"]

1. Nf3 c5 2. g3 Nc6 3. Bg2 Nf6 4. O-O b6 5. d3 Bb7 6. e4 d6 7. Nbd2 e6 8. Re1
Be7 9. a4 O-O 10. c3 a6 11. Qe2 Qc7 12. Nf1 Rfe8 13. h4 Rad8 14. N1h2 b5 15.
axb5 axb5 16. g4 Ne5 17. Nxe5 dxe5 18. g5 Nd7 19. h5 c4 20. g6 fxg6 21. hxg6 h6
22. Bh3 Nf8 23. Qf3 Bf6 24. Ng4 Rxd3 25. Nxf6+ gxf6 26. Be3 Qg7 27. Ra7 Nxg6 28.
Kh2 Re7 29. Rg1 Kh7 30. Rxb7 Rxb7 31. Bxe6 Qf8 32. Bf5 Rg7 33. Qh5 Qf7 34. Bxh6 1-0

[Event "chess.com SpeedChess Q2Sw"]
[Site "chess.com INT"]
[Date "2022.11.12"]
[Round "8"]
[White "Aumann, Welf"]
[Black "Ilkhomi, Jaloliddin"]
[Result "0-1"]
[WhiteTitle "FM"]
[BlackTitle "FM"]
[WhiteElo "2316"]
[BlackElo "2145"]
[WhiteFideId "4634071"]
[BlackFideId "14700948"]
[EventDate "2022.11.12"]

1. c4 Nf6 2. g3 e6 3. Bg2 d5 4. Nf3 Be7 5. O-O O-O 6. d4 b6 7. Ne5 Bb7 8. Nc3
Nbd7 9. Bg5 h6 10. Bxf6 Nxf6 11. Qa4 Bd6 12. Rfd1 Qe8 13. Qxe8 Rfxe8 14. cxd5
exd5 15. f4 a6 16. e3 Red8 17. a3 Rac8 18. Rac1 c5 19. dxc5 Bxc5 20. Kf2 Bxe3+
21. Kxe3 d4+ 22. Rxd4 Rxd4 23. Bxb7 Rcd8 24. Bxa6 Rd2 25. b4 Rxh2 26. Bc4 Rdd2
27. Bxf7+ Kf8 28. Bc4 g5 29. f5 h5 30. Ne4 Nxe4 31. Kxe4 h4 32. f6 Rhf2 33. f7
Kg7 34. gxh4 Rf4+ 35. Ke3 Rdd4 36. hxg5 Rde4+ 37. Kd3 Rxe5 0-1

[Event "chess.com SpeedChess Q2Sw"]
[Site "chess.com INT"]
[Date "2022.11.12"]
[Round "8"]
[White "Vaibhav, Jayant Raut"]
[Black "Kovalenko, Igor"]
[Result "0-1"]
[WhiteTitle "CM"]
[BlackTitle "GM"]
[WhiteElo "2247"]
[BlackElo "2674"]
[WhiteFideId "5089034"]
[BlackFideId "14117908"]
[EventDate "2022.11.12"]

1. d4 Nf6 2. Bf4 c5 3. e3 b6 4. Nd2 Bb7 5. c3 d6 6. Ngf3 Nbd7 7. h3 a6 8. a4 g6
9. Be2 Bg7 10. O-O O-O 11. Bh2 Qc7 12. a5 b5 13. c4 cxd4 14. Nxd4 bxc4 15. Nxc4
Rfc8 16. Nd2 Nd5 17. Bf3 Bxd4 18. exd4 N5f6 19. Re1 Kf8 20. Qb3 Bxf3 21. Nxf3
Qc4 22. Qe3 Re8 23. Rac1 Qd5 24. Rc7 Kg7 25. b4 Rab8 26. Qd2 Rb7 27. Rec1 Reb8
28. Rxb7 Qxb7 29. Qe2 Nd5 30. Bg3 N7f6 31. Bh4 Nh5 32. Bg3 Qb5 33. Qe4 Nhf6 34.
Qh4 Qxb4 35. Ng5 Qd2 36. Rf1 h6 37. Ne4 Qxd4 38. Re1 g5 39. Nxg5 Qxh4 40. Bxh4
hxg5 41. Bxg5 0-1